Aristotle : (Record no. 13890)
[ view plain ]
| 000 -LEADER | |
|---|---|
| fixed length control field | 01081pam a2200313 a 4500 |
| 001 - CONTROL NUMBER | |
| control field | 3051305 |
| 003 - CONTROL NUMBER IDENTIFIER | |
| control field | OSt |
| 005 - DATE AND TIME OF LATEST TRANSACTION | |
| control field | 20170105102842.0 |
| 008 - FIXED-LENGTH DATA ELEMENTS--GENERAL INFORMATION | |
| fixed length control field | 960603s1996 inu b 000 0 eng |
| 010 ## - LIBRARY OF CONGRESS CONTROL NUMBER | |
| LC control number | 96009317 |
| 020 ## - INTERNATIONAL STANDARD BOOK NUMBER | |
| International Standard Book Number | 0872203409 (cloth : alk. paper) |
| 020 ## - INTERNATIONAL STANDARD BOOK NUMBER | |
| International Standard Book Number | 0872203395 (pbk. : alk. paper) |
| 040 ## - CATALOGING SOURCE | |
| Original cataloging agency | DLC |
| Transcribing agency | DLC |
| Modifying agency | DLC |
| 041 1# - LANGUAGE CODE | |
| Language code of text/sound track or separate title | eng |
| Language code of original | gre |
| 050 00 - LIBRARY OF CONGRESS CALL NUMBER | |
| Classification number | B407 |
| Item number | .A26 1996 |
| 082 00 - DEWEY DECIMAL CLASSIFICATION NUMBER | |
| Classification number | 185 |
| Edition number | 20 |
| 100 0# - MAIN ENTRY--PERSONAL NAME | |
| Personal name | Aristotle. |
| 240 10 - UNIFORM TITLE | |
| Uniform title | Works. |
| Form subheading | Selections. |
| Language of a work | English. |
| Date of a work | 1996 |
| 245 10 - TITLE STATEMENT | |
| Title | Aristotle : |
| Remainder of title | introductory readings / |
| Statement of responsibility, etc. | translated with introduction, notes, and glossary by Terence Irwin and Gail Fine. |
| 260 ## - PUBLICATION, DISTRIBUTION, ETC. | |
| Place of publication, distribution, etc. | Indianapolis, Ind. : |
| Name of publisher, distributor, etc. | Hackett Pub., |
| Date of publication, distribution, etc. | c1996. |
| 300 ## - PHYSICAL DESCRIPTION | |
| Extent | xvii, 359 p. ; |
| Dimensions | 22 cm. |
| 504 ## - BIBLIOGRAPHY, ETC. NOTE | |
| Bibliography, etc. note | Includes bibliographical references (p. 357-359). |
| 650 #0 - SUBJECT ADDED ENTRY--TOPICAL TERM | |
| Topical term or geographic name entry element | Philosophy |
| General subdivision | Early works to 1800. |
| 700 1# - ADDED ENTRY--PERSONAL NAME | |
| Personal name | Irwin, Terence. |
| 700 1# - ADDED ENTRY--PERSONAL NAME | |
| Personal name | Fine, Gail. |
| 906 ## - LOCAL DATA ELEMENT F, LDF (RLIN) | |
| a | 7 |
| b | cbc |
| c | orignew |
| d | 1 |
| e | ocip |
| f | 19 |
| g | y-gencatlg |
| 942 ## - ADDED ENTRY ELEMENTS (KOHA) | |
| Source of classification or shelving scheme | |
| Koha item type | Book |
| Withdrawn status | Lost status | Damaged status | Not for loan | Collection code | Permanent Location | Current Location | Shelving location | Date acquired | Total Checkouts | Full call number | Barcode | Date last seen | Price effective from | Koha item type |
|---|---|---|---|---|---|---|---|---|---|---|---|---|---|---|
| Centre for International Peace & Stability (CIPS) | Centre for International Peace & Stability (CIPS) | General Stacks | 08/02/2013 | 185 ARI 1996 | CIPS0000191 | 08/02/2013 | 08/02/2013 | Book |
